Statystyki dla Szczecin - linia 3

Kliknij tutaj aby rozwiązać quiz!

Ogólne statystyki

  • Ten quiz został rozwiązany 32 razy
  • Średni wynik to 9 z 15

Statystyki odpowiedzi

HintOdpowiedź% Poprawnych
Przystanek 1 (początkowy/końcowy)Osiedle Zawadzkiego
100%
Przystanek 15 (początkowy/końcowy)Kołłątaja
87%
Przystanek 2Szafera
87%
Przystanek 4Rondo Olszewskiego
83%
Przystanek 3Arena Szczecin
78%
Przystanek 10Arkońska Szpital
61%
Przystanek 8Wojciechowskiego
57%
Przystanek 14Krasińskiego
52%
Przystanek 7Las Arkoński nż
52%
Przystanek 11Wszystkich Świętych
52%
Przystanek 5Międzyparkowa nż
48%
Przystanek 13Muzeum Techniki
48%
Przystanek 6Stadion "Arkonia" nż
48%
Przystanek 9 (kier. Osiedle Zawadzkiego)Tatrzańska
43%
Przystanek 12Niemierzyńska Technopark
39%

Rozkład punktacji

Percentyl według liczby udzielonych odpowiedzi

Procent ludzi z każdym wynikiem

Twoja historia wyników

Nie rozwiązałeś tego quizu